000 005060000a22001690004500
041 0 _aSPA
082 0 4 _aG 266.3 G5661p
100 1 _aGlover, Robert Hall (1871-1947)
245 1 0 _aEl progreso de las misiones cristianas / Robert Hall Glover ; Hiram Duffer, Traductor
260 _aEl Paso, TX., USA : Casa Bautista de Publicaciones
300 _a556 Pag
001 7818
942 _cBK
999 _c38023
_d38023
336 _atexto
_btxt
_2rdacontent
337 _2rdamedia
_asin mediación
_bn
338 _2rdacarrier
_avolumen
_bnc